书目信息 |
| 题名: |
让你爱上数学的50个游戏
|
|
| 作者: | 古尔德 著 ;庄静 译 | |
| 分册: | ||
| 出版信息: | 北京 机械工业出版社 2016.11 |
|
| 页数: | 10,251页 | |
| 开本: | 24cm | |
| 丛书名: | 身边的数学译丛 | |
| 单 册: | ||
| 中图分类: | O211.1 | |
| 科图分类: | ||
| 主题词: | 概率 | |
| 电子资源: | ||
| ISBN: | 978-7-111-48745-6 | |
| 000 | 01349oam2 2200313 450 | |
| 001 | 0400004493 | |
| 005 | 20171024100326.0 | |
| 010 | @a978-7-111-48745-6@dCNY39.00 | |
| 100 | @a20171024d2016 em y0chiy ea | |
| 101 | 1 | @achi@ceng |
| 102 | @aCN@b110000 | |
| 105 | @aa z 000yy | |
| 106 | @ar | |
| 200 | 1 | @a让你爱上数学的50个游戏@9rang ni ai shang shu xue de 50 ge you xi@e藏在魔术、纸牌、体育项目中的秘诀@f(美)罗纳德 J. 古尔德(Ronald J. Gould)著@g庄静译 |
| 210 | @a北京@c机械工业出版社@d2016.11 | |
| 215 | @a10,251页@c图@d24cm | |
| 225 | 2 | @a身边的数学译丛 |
| 306 | @a本书限中国大陆发行 | |
| 312 | @a版权页英文题名:Mathematics in games, sports, and gambling: the games people play | |
| 330 | @a本书作者通过游戏与谜题的方式向读者介绍了概率统计以及离散数学的一些内容,其中游戏涉及博彩游戏,纸牌游戏,魔术,汉诺塔,数独、体育竞赛等诸多方面。通过一个个生动有趣的游戏,让读者了解其中的数学原理。 | |
| 461 | 0 | @12001 @a身边的数学译丛 |
| 510 | 1 | @aMathematics in games, sports, and gambling: the games people play@zeng |
| 517 | 1 | @a藏在魔术、纸牌、体育项目中的秘诀@9cang zai mo shu、zhi pai、ti yu xiang mu zhong de mi jue |
| 606 | 0 | @a概率 |
| 690 | @aO211.1@v5 | |
| 701 | 1 | @c(美)@a古尔德@9gu er de@g(Gould, Ronald J.)@4著 |
| 702 | 0 | @a庄静@9zhuang jing@4译 |
| 801 | 0 | @aCN@b91MARC@c20171024 |
| 905 | @b1038120-4@dO211.1@f5@e390 | |
| 让你爱上数学的50个游戏:藏在魔术、纸牌、体育项目中的秘诀/(美)罗纳德 J. 古尔德(Ronald J. Gould)著/庄静译.-北京:机械工业出版社,2016.11 |
| 10,251页:图;24cm.-(身边的数学译丛) |
| ISBN 978-7-111-48745-6:CNY39.00 |
| 本书作者通过游戏与谜题的方式向读者介绍了概率统计以及离散数学的一些内容,其中游戏涉及博彩游戏,纸牌游戏,魔术,汉诺塔,数独、体育竞赛等诸多方面。通过一个个生动有趣的游戏,让读者了解其中的数学原理。 |
| ● |
| 相关链接 |
|
|
|
|
正题名:让你爱上数学的50个游戏
索取号:O211.1/390
 
预约/预借
| 序号 | 登录号 | 条形码 | 馆藏地/架位号 | 状态 | 备注 |
| 1 | 1038120 | 210381200 | 第二样本阅览室/ [索取号:O211.1/390] | 在馆 | |
| 2 | 1038121 | 210381219 | 密集书库-数信学院/ [索取号:O211.1/390] | 在馆 | |
| 3 | 1038122 | 210381228 | 第三借阅区/ [索取号:O211.1/390] | 在馆 | |
| 4 | 1038123 | 210381237 | 第三借阅区/ [索取号:O211.1/390] | 在馆 | |
| 5 | 1038124 | 210381246 | 第三借阅区/ [索取号:O211.1/390] | 在馆 |